[Event "Budapest FS10 IM-A"]
[Site "Budapest"]
[Date "2005.10.05"]
[Round "5"]
[White "Tournier, Pascal"]
[Black "Bednay, Bence"]
[Result "1/2-1/2"]
[WhiteElo "2164"]
[BlackElo "2250"]
[PlyCount "38"]
[EventDate "2005.10.01"]
[EventType "tourn"]
[EventRounds "11"]
[EventCountry "HUN"]
[EventCategory "1"]
[SourceTitle "CBM 108 Extra"]
[Source "ChessBase"]
[SourceDate "2005.11.04"]
[SourceVersion "1"]
[SourceVersionDate "2005.11.04"]
[SourceQuality "1"]

1. e4 c5 2. Nf3 d6 3. d4 cxd4 4. Nxd4 Nf6 5. Nc3 a6 6. Be3 e5 7. Nb3 Be6 8. f3 Nc6 9. Qd2 Be7 10. g4 Nd7 11. 0-0-0 b5 12. Kb1 Nb6 13. Bxb6 Qxb6 14. Nd5 Bxd5 15. exd5 Nb8 16. Bd3 Nd7 17. Na5 Qc7 18. Nc6 Nb6 19. Be4 Nc4 1/2-1/2

[Event "Budapest FS10 IM-A"]
[Site "Budapest"]
[Date "2005.10.03"]
[Round "3"]
[White "Tournier, Pascal"]
[Black "Werner, Dimo"]
[Result "0-1"]
[WhiteElo "2164"]
[BlackElo "2379"]
[PlyCount "106"]
[EventDate "2005.10.01"]
[EventType "tourn"]
[EventRounds "11"]
[EventCountry "HUN"]
[EventCategory "1"]
[SourceTitle "CBM 108 Extra"]
[Source "ChessBase"]
[SourceDate "2005.11.04"]
[SourceVersion "1"]
[SourceVersionDate "2005.11.04"]
[SourceQuality "1"]

1. e4 d6 2. d4 Nf6 3. Nc3 g6 4. g3 Bg7 5. Bg2 0-0 6. Nge2 e5 7. 0-0 Nbd7 8. h3 c6 9. a4 exd4 10. Nxd4 a5 11. Re1 Re8 12. Bg5 h6 13. Be3 Nc5 14. f3 Nfd7 15. Qd2 Kh7 16. Rad1 Qb6 17. b3 Qb4 18. Kh2 Nf8 19. Nde2 Nfe6 20. Nd4 Na6 21. Nce2 Qxd2 22. Rxd2 Nec7 23. Nf4 Nb4 24. c3 Nba6 25. Nde2 d5 26. Bb6 dxe4 27. fxe4 Ne6 28. Nd4 Nac5 29. Nfxe6 Nxe6 30. Rd3 Ra6 31. Nxe6 Bxe6 32. Rd8 Rxd8 33. Bxd8 Bxc3 34. Re3 Be5 35. Bf1 Ra8 36. Bb6 h5 37. Kg2 Kg7 38. Be2 Kf6 39. Rd3 Ke7 40. Bc5+ Ke8 41. Bb6 Bf6 42. g4 Bd8 43. Bd4 h4 44. Bc5 b6 45. Bf2 c5 46. Rf3 Bg5 47. Bc4 Rd8 48. Bxe6 fxe6 49. Be3 Bxe3 50. Rxe3 Rd2+ 51. Kf3 g5 52. e5 Kd7 53. Rc3 Kc6 0-1

[Event "Budapest FS10 IM-A"]
[Site "Budapest"]
[Date "2005.10.02"]
[Round "2"]
[White "Keschitz, Gyorgy"]
[Black "Tournier, Pascal"]
[Result "1-0"]
[WhiteElo "2257"]
[BlackElo "2164"]
[PlyCount "59"]
[EventDate "2005.10.01"]
[EventType "tourn"]
[EventRounds "11"]
[EventCountry "HUN"]
[EventCategory "1"]
[SourceTitle "CBM 108 Extra"]
[Source "ChessBase"]
[SourceDate "2005.11.04"]
[SourceVersion "1"]
[SourceVersionDate "2005.11.04"]
[SourceQuality "1"]

1. g3 e5 2. Bg2 Nf6 3. d3 d5 4. Nf3 Nc6 5. 0-0 Be7 6. c4 0-0 7. Nc3 d4 8. Na4 Bg4 9. a3 a5 10. Qc2 Nd7 11. Bd2 Re8 12. Rfb1 f5 13. b4 axb4 14. axb4 Bf6 15. b5 Ncb8 16. Kf1 e4 17. Ng1 Qe7 18. Bb4 Qe5 19. f3 Bh5 20. fxe4 f4 21. Be1 Rf8 22. Bf3 Qg5 23. gxf4 Qxf4 24. Bg3 Qh6 25. Kg2 Ne5 26. Nc5 Rxa1 27. Rxa1 Nbd7 28. Ne6 Rc8 29. Ra7 Bg4 30. Nxd4 1-0

[Event "Budapest FS10 IM-A"]
[Site "Budapest"]
[Date "2005.10.01"]
[Round "1"]
[White "Tournier, Pascal"]
[Black "Pirisi, Gabor"]
[Result "0-1"]
[WhiteElo "2164"]
[BlackElo "2294"]
[PlyCount "103"]
[EventDate "2005.10.01"]
[EventType "tourn"]
[EventRounds "11"]
[EventCountry "HUN"]
[EventCategory "1"]
[SourceTitle "CBM 108 Extra"]
[Source "ChessBase"]
[SourceDate "2005.11.04"]
[SourceVersion "1"]
[SourceVersionDate "2005.11.04"]
[SourceQuality "1"]

1. e4 c5 2. Nf3 d6 3. d4 cxd4 4. Nxd4 Nf6 5. Nc3 g6 6. Be2 Bg7 7. 0-0 0-0 8. Bg5 Nbd7 9. Kh1 Nc5 10. f3 Ne6 11. Be3 Nxd4 12. Bxd4 e5 13. Be3 Be6 14. Qd2 d5 15. exd5 Nxd5 16. Nxd5 Qxd5 17. Qxd5 Bxd5 18. c4 Be6 19. Rfd1 Rfc8 20. Rac1 Bf8 21. b3 Ba3 22. Rb1 f6 23. Bc1 Bc5 24. Bb2 Rd8 25. Rxd8+ Rxd8 26. Rd1 Rxd1+ 27. Bxd1 Bf5 28. g4 Bd3 29. Kg2 Be3 30. Bc3 Kf7 31. h4 Ke6 32. Be1 f5 33. Bf2 f4 34. g5 Kd6 35. Be1 Kc5 36. b4+ Kxc4 37. Bb3+ Kd4 38. Bg8 e4 39. Bxh7 exf3+ 40. Kxf3 Be4+ 41. Kg4 Kd3 42. Bxg6 Bxg6 43. h5 Be8 44. g6 Ke4 45. g7 Bf7 46. h6 Bg8 47. Kg5 Bh7 48. Kf6 f3 49. Kf7 f2 50. Bxf2 Bxf2 51. g8Q Bxg8+ 52. Kxg8 0-1

[Event "Lausanne op"]
[Site "Lausanne"]
[Date "2005.09.17"]
[Round "2"]
[White "Krivoshey, Sergei"]
[Black "Tournier, Pascal"]
[Result "1-0"]
[WhiteElo "2500"]
[BlackElo "2164"]
[PlyCount "69"]
[EventDate "2005.09.16"]
[EventType "swiss"]
[EventRounds "7"]
[EventCountry "SUI"]
[SourceTitle "CBM 108 Extra"]
[Source "ChessBase"]
[SourceDate "2005.11.04"]
[SourceVersion "1"]
[SourceVersionDate "2005.11.04"]
[SourceQuality "1"]

1. Nf3 c5 2. c4 Nf6 3. Nc3 d5 4. cxd5 Nxd5 5. d4 Nxc3 6. bxc3 g6 7. e4 Bg7 8. Rb1 0-0 9. Be2 Nc6 10. d5 Bxc3+ 11. Bd2 Bxd2+ 12. Qxd2 Nd4 13. Nxd4 cxd4 14. Qxd4 Qa5+ 15. Qd2 Qxd2+ 16. Kxd2 Rd8 17. Ke3 b6 18. Rhc1 e6 19. Bc4 Kf8 20. Bb3 Ke7 21. Rc7+ Rd7 22. Rbc1 Ba6 23. dxe6 fxe6 24. R1c6 e5 25. Re6+ Kd8 26. Rxd7+ Kxd7 27. Rxe5 Bb7 28. h4 Bc6 29. h5 Re8 30. Rxe8 Kxe8 31. h6 a5 32. Kd4 Ke7 33. f4 Bd7 34. Bg8 b5 35. Bxh7 1-0

[Event "Geneve op"]
[Site "Geneve"]
[Date "2003.04.27"]
[Round "6.11"]
[White "Liardet, Fabrice"]
[Black "Tournier, Pascal"]
[Result "1-0"]
[WhiteElo "2371"]
[BlackElo "2169"]
[PlyCount "49"]
[EventDate "2003.04.24"]
[EventType "swiss"]
[EventRounds "7"]
[EventCountry "SUI"]
[SourceTitle "EXT 2004"]
[Source "ChessBase"]
[SourceDate "2003.11.25"]
[SourceVersion "1"]
[SourceVersionDate "2003.11.25"]
[SourceQuality "1"]

1. d4 Nf6 2. c4 c5 3. d5 b5 4. cxb5 a6 5. Nc3 Qa5 6. b6 Bb7 7. Bd2 Qxb6 8. e4 e6 9. Qf3 exd5 10. exd5 Be7 11. 0-0-0 0-0 12. Nge2 d6 13. Ng3 Re8 14. Nf5 Nbd7 15. Qg3 g6 16. h4 Rab8 17. h5 Bxd5 18. Na4 Qc6 19. hxg6 fxg6 20. Rxh7 Kxh7 21. Bb5 Nh5 22. Rh1 Ndf6 23. Bxc6 Bxc6 24. Nxe7 Rxe7 25. Qxd6 1-0

[Event "Geneve op"]
[Site "Geneve"]
[Date "2003.04.26"]
[Round "4.10"]
[White "Starostits, Ilmars"]
[Black "Tournier, Pascal"]
[Result "1-0"]
[WhiteElo "2399"]
[BlackElo "2169"]
[PlyCount "45"]
[EventDate "2003.04.24"]
[EventType "swiss"]
[EventRounds "7"]
[EventCountry "SUI"]
[SourceTitle "EXT 2004"]
[Source "ChessBase"]
[SourceDate "2003.11.25"]
[SourceVersion "1"]
[SourceVersionDate "2003.11.25"]
[SourceQuality "1"]

1. e4 c5 2. Nc3 e6 3. Nf3 a6 4. d4 cxd4 5. Nxd4 Qc7 6. Be2 Nf6 7. 0-0 Nc6 8. Bg5 Be7 9. Kh1 d6 10. f4 Bd7 11. f5 0-0 12. fxe6 fxe6 13. Nxc6 Bxc6 14. Qd3 b5 15. a3 Qb7 16. Qh3 e5 17. Bxf6 Bxf6 18. Bg4 Bxe4 19. Nxe4 Qxe4 20. Bf3 Qxc2 21. Qe6+ Kh8 22. Bxa8 Rxa8 23. Rac1 1-0

[Event "Geneve op"]
[Site "Geneve"]
[Date "2002.04.05"]
[Round "2"]
[White "Tournier, Pascal"]
[Black "Gerber, Richard"]
[Result "0-1"]
[WhiteElo "2172"]
[BlackElo "2420"]
[PlyCount "52"]
[EventDate "2002.04.04"]
[EventType "swiss"]
[EventRounds "7"]
[EventCountry "SUI"]
[SourceTitle "CBM 087 Extra"]
[Source "ChessBase"]
[SourceDate "2002.05.03"]
[SourceVersion "2"]
[SourceVersionDate "2002.08.09"]
[SourceQuality "1"]

1. e4 c5 2. Nf3 d6 3. d4 cxd4 4. Nxd4 Nf6 5. Nc3 g6 6. Be2 Bg7 7. 0-0 Nc6 8. Nb3 0-0 9. Bg5 Be6 10. f4 b5 11. Bf3 b4 12. Nd5 Nd7 13. e5 dxe5 14. Nxe7+ Nxe7 15. Bxa8 f6 16. Bh4 Qxa8 17. Qd6 Bxb3 18. Qxd7 Nf5 19. axb3 Nxh4 20. Qh3 Nf5 21. g4 Nd4 22. Qd3 Rc8 23. Rf2 Ne6 24. fxe5 fxe5 25. Qd7 Ng5 26. Kf1 Qh1+ 0-1

[Event "FRA-chT2"]
[Site "France"]
[Date "2001.11.??"]
[Round "2"]
[White "Meiser, Markus"]
[Black "Tournier, Pascal"]
[Result "1/2-1/2"]
[WhiteElo "2215"]
[BlackElo "2172"]
[PlyCount "62"]
[EventDate "2002.??.??"]
[EventType "team-tourn"]
[EventRounds "11"]
[EventCountry "FRA"]
[SourceTitle "EXT 2003"]
[Source "ChessBase"]
[SourceDate "2002.11.25"]
[SourceVersion "1"]
[SourceVersionDate "2002.11.25"]
[SourceQuality "1"]

1. d4 Nf6 2. c4 c5 3. d5 b5 4. cxb5 a6 5. b6 d6 6. Nc3 Nbd7 7. a4 Qxb6 8. e4 Rb8 9. Nf3 g6 10. Be2 Bg7 11. 0-0 0-0 12. Nd2 Qc7 13. a5 Bb7 14. Nc4 Rfd8 15. Qd3 Ne5 16. Nxe5 dxe5 17. Qf3 Bc8 18. h3 Rb4 19. Be3 Bb7 20. Ra4 Rxb2 21. Rc4 Qxa5 22. Rxc5 Qb4 23. Rc7 Rc2 24. Rb1 Qxb1+ 25. Nxb1 Rxc7 26. Kh2 Rdc8 27. Bd3 Nd7 28. Nd2 Rc3 29. Qe2 Nc5 30. Bxc5 R3xc5 31. Bxa6 Bxa6 1/2-1/2

[Event "Budapest FS08 IM-A"]
[Site "Budapest"]
[Date "2001.08.13"]
[Round "10"]
[White "Tournier, Pascal"]
[Black "Sinkovics, Peter"]
[Result "0-1"]
[WhiteElo "2204"]
[BlackElo "2301"]
[PlyCount "64"]
[EventDate "2001.08.04"]
[EventType "tourn"]
[EventRounds "11"]
[EventCountry "HUN"]
[EventCategory "2"]
[SourceTitle "CBM 083 Extra"]
[Source "ChessBase"]
[SourceDate "2001.09.11"]
[SourceVersion "1"]
[SourceVersionDate "2001.09.11"]
[SourceQuality "1"]

1. e4 e5 2. Nf3 Nc6 3. Bb5 Nf6 4. Qe2 a6 5. Ba4 b5 6. Bb3 Bc5 7. c3 0-0 8. d3 d6 9. Bg5 Be6 10. Nbd2 h6 11. Bh4 Qe7 12. Bd5 Bd7 13. 0-0 Rae8 14. Rfe1 Nd8 15. Bb3 g5 16. d4 Bb6 17. dxe5 gxh4 18. exf6 Qxf6 19. e5 Qg7 20. Qd3 Ne6 21. Nxh4 Nf4 22. Qf3 dxe5 23. Ne4 Kh8 24. Ng3 Qf6 25. Rad1 Bc6 26. Qg4 Rg8 27. Qf5 Qxh4 28. Bc2 Ng6 29. Nh5 Rgf8 30. Nf6 Re6 31. Nd7 Bxd7 32. Rxd7 Rf6 0-1

[Event "Budapest FS08 IM-A"]
[Site "Budapest"]
[Date "2001.08.07"]
[Round "4"]
[White "Bognar, Csaba"]
[Black "Tournier, Pascal"]
[Result "1-0"]
[WhiteElo "2238"]
[BlackElo "2204"]
[PlyCount "71"]
[EventDate "2001.08.04"]
[EventType "tourn"]
[EventRounds "11"]
[EventCountry "HUN"]
[EventCategory "2"]
[SourceTitle "CBM 083 Extra"]
[Source "ChessBase"]
[SourceDate "2001.09.11"]
[SourceVersion "1"]
[SourceVersionDate "2001.09.11"]
[SourceQuality "1"]

1. d4 Nf6 2. Nf3 c5 3. g3 cxd4 4. Nxd4 g6 5. Bg2 Bg7 6. 0-0 Nc6 7. c3 0-0 8. e4 Qb6 9. Nb3 d6 10. Be3 Qc7 11. h3 Be6 12. f4 Bc4 13. Rf2 d5 14. exd5 Rfd8 15. Rd2 Na5 16. Na3 Rac8 17. Nxa5 Qxa5 18. Nxc4 Rxc4 19. Qb3 b5 20. Bf1 Ne4 21. Rc2 Rc7 22. Kh2 Rcd7 23. Qxb5 Rxd5 24. Qxa5 Rxa5 25. Bg2 f5 26. Bxe4 fxe4 27. Kg2 e5 28. Kf2 Rd3 29. Ke2 exf4 30. gxf4 Bh6 31. Rd2 Rxd2+ 32. Kxd2 Rh5 33. Rh1 Rh4 34. Bxa7 Bxf4+ 35. Kc2 Kf7 36. Bd4 1-0

[Event "Budapest FS08 IM-A"]
[Site "Budapest"]
[Date "2001.08.04"]
[Round "1"]
[White "Tournier, Pascal"]
[Black "Moloney, Nicholas"]
[Result "0-1"]
[WhiteElo "2204"]
[BlackElo "2208"]
[PlyCount "50"]
[EventDate "2001.08.04"]
[EventType "tourn"]
[EventRounds "11"]
[EventCountry "HUN"]
[EventCategory "2"]
[SourceTitle "CBM 083 Extra"]
[Source "ChessBase"]
[SourceDate "2001.09.11"]
[SourceVersion "1"]
[SourceVersionDate "2001.09.11"]
[SourceQuality "1"]

1. e4 c6 2. d4 d5 3. Nd2 dxe4 4. Nxe4 Nd7 5. Ng5 Ngf6 6. Bd3 e6 7. N1f3 Bd6 8. Qe2 h6 9. Ne4 Nxe4 10. Qxe4 Nf6 11. Qe2 Qc7 12. Bd2 b6 13. 0-0 Bb7 14. Ne5 0-0 15. c4 c5 16. Bc3 Rad8 17. dxc5 Bxc5 18. Rad1 a5 19. a3 Ba8 20. Kh1 Qb7 21. f3 Qe7 22. Rb1 Nh5 23. Qc2 f5 24. Ng6 Qg5 25. Nxf8 Ng3+ 0-1

[Event "Cannes op"]
[Site "Cannes"]
[Date "1990.??.??"]
[Round "2"]
[White "Tournier, Pascal"]
[Black "Lalic, Bogdan"]
[Result "0-1"]
[WhiteElo "2150"]
[BlackElo "2475"]
[PlyCount "102"]
[EventDate "1990.02.??"]
[EventType "swiss"]
[EventRounds "9"]
[EventCountry "FRA"]
[SourceTitle "EXT 1997"]
[Source "ChessBase"]
[SourceDate "1996.11.15"]
[SourceVersion "1"]
[SourceVersionDate "1996.11.15"]
[SourceQuality "1"]

1. e4 e5 2. Nc3 Nf6 3. g3 Bb4 4. Bg2 0-0 5. Nge2 c6 6. 0-0 d5 7. d3 h6 8. h3 dxe4 9. dxe4 Be6 10. Be3 Na6 11. Qc1 Bc5 12. Na4 Bxe3 13. Qxe3 Qa5 14. b3 Bc4 15. Rfd1 Bxe2 16. Qxe2 Rfd8 17. Qe3 Nd7 18. Rd2 Ndc5 19. Rxd8+ Rxd8 20. Nxc5 Nxc5 21. a3 Ne6 22. c3 a6 23. Bf1 Qc5 24. Qe1 Qd6 25. a4 Ng5 26. Qe3 Qd2 27. Qb6 Rd7 28. Bg2 Qxc3 29. Rf1 Qd4 30. Qa5 g6 31. h4 Nxe4 32. Bxe4 Qxe4 33. Re1 Rd5 34. Qc3 Qf5 35. Re3 a5 36. Kg2 Qe6 37. Qc4 h5 38. Re2 Qd6 39. Qe4 Kg7 40. g4 Rd4 41. Qxe5+ Qxe5 42. Rxe5 Rxg4+ 43. Kh3 b6 44. Re3 c5 45. f3 Rb4 46. Rc3 Kf6 47. Re3 Kf5 48. Kg3 f6 49. Rc3 Ke5 50. Rd3 c4 51. bxc4 Rxc4 0-1

[Event "Cannes op"]
[Site "Cannes"]
[Date "1990.??.??"]
[Round "8"]
[White "Tournier, Pascal"]
[Black "Laurain, Guy"]
[Result "1/2-1/2"]
[WhiteElo "2150"]
[BlackElo "2000"]
[PlyCount "98"]
[EventDate "1990.02.??"]
[EventType "swiss"]
[EventRounds "9"]
[EventCountry "FRA"]
[SourceTitle "EXT 1997"]
[Source "ChessBase"]
[SourceDate "1996.11.15"]
[SourceVersion "1"]
[SourceVersionDate "1996.11.15"]
[SourceQuality "1"]

1. c4 Nf6 2. g3 g6 3. Bg2 Bg7 4. Nc3 0-0 5. Rb1 c5 6. a3 Nc6 7. b4 d6 8. d3 h6 9. e3 cxb4 10. axb4 a5 11. b5 Nb4 12. Ba3 Ng4 13. Nge2 Nxd3+ 14. Qxd3 Ne5 15. Qc2 Nxc4 16. Qa2 Be6 17. Nd5 Rc8 18. 0-0 Bg4 19. Rfc1 Nxa3 20. Rxc8 Bxc8 21. Qxa3 b6 22. Nd4 Bxd4 23. exd4 Bf5 24. Rc1 Bd7 25. Nc3 Qe8 26. Qb3 Kh7 27. Qd5 f5 28. f4 g5 29. Qb7 gxf4 30. gxf4 Rg8 31. Qxb6 a4 32. Kf2 Qg6 33. Qb7 a3 34. Bf3 Qg7 35. Ne2 Be6 36. Qa7 a2 37. d5 Bd7 38. Qxa2 Bxb5 39. Rc7 Bxe2 40. Kxe2 Qg2+ 41. Bxg2 Rxg2+ 42. Kf3 Rxa2 43. Rxe7+ Kg8 44. Re6 Rxh2 45. Rxd6 Rd2 46. Rxh6 Rxd5 47. Kg3 Kg7 48. Ra6 Rd4 49. Rb6 Kf7 1/2-1/2